01716nam a2200373 i 4500001001000000003000900010005001700019007000300036008004100039040003000080082001800110100004700128240014300175245005000318264006600368300004400434336002700478337003300505338002800538490006100566490001700627500004400644590002800688830006800716830002400784910000700808942001400815952012600829952011100955952011301066952013401179956001201313999001701325000049052DO-SdBNP20230807103919.0ta190716s1993 dr a 000 spa d aDO-SdBNPbspacBNPHUerda axxxbO12e2221 aOber, Frederick Albion.976449d1849-19131 aIn the wake of Columbus : adventures of the special commissioner sent by the World's Columbian Exposition to the West Indies.lEspañol.10aEn la estela de Colón /cFrederick A. Ober. aSanto Domingo :bSociedad Dominicana de Bibliófilos,c1993. a256 paginas :bilustraciones. ;c23 cm. 2rdacontentatextobtxt 2rdamediaasin mediaciónbn 2rdacarrieravolumenbnc1 aSociedad Dominicana de Bibliófilos. Cultura Dominicana1 aV centenario aIncluye notas al pie de las páginas. aInventariado, 2019 / DG 0aSociedad Dominicana de Bibliófilos. Cultura Dominicana976830 0aV centenario944138 aDG 2ddccLBS1 00102ddc51708PDaBNPHUbBNPHUcCTd2019-07-16eFamilia Reyes Duluc.oxxx O12ep49053-10r2020-06-25w2020-06-25yLBS1 00102ddc51708PDaBNPHUbBNPHUd2020-10-09eLuciano M. P.oxxx O12er2020-10-09te. 2w2020-10-09yLBS1 00102ddc56708DSaBNPHUbBNPHUcCTd2022-11-25l0oxxx O12ep2022-5615r2022-11-25te.3w2022-11-25yLBS1 00102ddc56708DSaBNPHUbBNPHUcCTd2023-08-07edonaciónl0oBNPHU DS xxx O12ep2023-5213r2023-08-07te.4w2023-08-07yLBS1 aLOPEREZ c48540d48540